000 00361nmm a2200145 a 4500
003 AR-BaBNM
005 20251128203105.0
008 033119s[s.f ||||||||||||||000 | spa||
040 _cAR-BaBNM
100 1 _aBrucker, E.
245 1 0 _aNotre globe, sa constitution, son histoire
260 _a[S.l.]
_bCh. Delagrave
_c[s.f.]
942 _cBK
998 _cArchipretre
999 _c1840
_d1840